<?xml version="1.0" encoding="UTF-8"?>
<record
    xmlns:xsi="http://www.w3.org/2001/XMLSchema-instance"
    xsi:schemaLocation="http://www.loc.gov/MARC21/slim http://www.loc.gov/standards/marcxml/schema/MARC21slim.xsd"
    xmlns="http://www.loc.gov/MARC21/slim">

  <leader>01082nam0a22002531  4500</leader>
  <controlfield tag="001">rc\1157338</controlfield>
  <controlfield tag="005">20250622202523.0</controlfield>
  <datafield tag="035" ind1=" " ind2=" ">
    <subfield code="a">(NLR Aleph) 006402172</subfield>
  </datafield>
  <datafield tag="090" ind1=" " ind2=" ">
    <subfield code="a">5257621</subfield>
    <subfield code="c">5257621</subfield>
  </datafield>
  <datafield tag="100" ind1=" " ind2=" ">
    <subfield code="a">20041129d1980    |||y0rusy50      ca</subfield>
  </datafield>
  <datafield tag="101" ind1="0" ind2=" ">
    <subfield code="a">rus</subfield>
  </datafield>
  <datafield tag="102" ind1=" " ind2=" ">
    <subfield code="a">RU</subfield>
  </datafield>
  <datafield tag="105" ind1=" " ind2=" ">
    <subfield code="a">y   |||||||||</subfield>
  </datafield>
  <datafield tag="200" ind1="1" ind2=" ">
    <subfield code="a">&#x41F;&#x43E;&#x43A;&#x440;&#x44B;&#x448;&#x43A;&#x438; &#x444;&#x430;&#x440;&#x444;&#x43E;&#x440;&#x43E;&#x432;&#x44B;&#x435;</subfield>
    <subfield code="e">&#x41D;&#x43E;&#x43C;&#x435;&#x43D;&#x43A;&#x43B;&#x430;&#x442;&#x443;&#x440;. &#x441;&#x43F;&#x440;&#x430;&#x432;&#x43E;&#x447;&#x43D;&#x438;&#x43A; &#x41D;&#x421; 20.03-80</subfield>
    <subfield code="e">&#x412;&#x437;&#x430;&#x43C;&#x435;&#x43D; &#x41D;&#x421; 20.003-77</subfield>
    <subfield code="f">&#x41C;-&#x432;&#x43E; &#x44D;&#x43B;&#x435;&#x43A;&#x442;&#x440;&#x43E;&#x442;&#x435;&#x445;&#x43D;. &#x43F;&#x440;&#x43E;&#x43C;-&#x441;&#x442;&#x438;, &#x412;&#x41D;&#x418;&#x418; &#x438;&#x43D;&#x444;&#x43E;&#x440;&#x43C;. &#x438; &#x442;&#x435;&#x445;&#x43D;.-&#x44D;&#x43A;&#x43E;&#x43D;. &#x438;&#x441;&#x441;&#x43B;&#x435;&#x434;. &#x432; &#x44D;&#x43B;&#x435;&#x43A;&#x442;&#x440;&#x43E;&#x442;&#x435;&#x445;&#x43D;&#x438;&#x43A;&#x435;</subfield>
  </datafield>
  <datafield tag="210" ind1=" " ind2=" ">
    <subfield code="a">&#x41C;.</subfield>
    <subfield code="c">&#x418;&#x43D;&#x444;&#x43E;&#x440;&#x43C;&#x44D;&#x43B;&#x435;&#x43A;&#x442;&#x440;&#x43E;</subfield>
    <subfield code="d">1980</subfield>
  </datafield>
  <datafield tag="215" ind1=" " ind2=" ">
    <subfield code="a">32 &#x441;.</subfield>
    <subfield code="d">21</subfield>
  </datafield>
  <datafield tag="225" ind1="1" ind2=" ">
    <subfield code="a">&#x42B; &#x421;&#x435;&#x440;&#x438;&#x44F; 20 "&#x42D;&#x43B;&#x435;&#x43A;&#x442;&#x440;&#x43E;&#x43A;&#x435;&#x440;&#x430;&#x43C;&#x438;&#x447;&#x435;&#x441;&#x43A;&#x438;&#x435; &#x438;&#x437;&#x434;&#x435;&#x43B;&#x438;&#x44F;"</subfield>
  </datafield>
  <datafield tag="333" ind1=" " ind2=" ">
    <subfield code="a">&#x414;&#x421;&#x41F;. &#x42D;&#x43A;&#x437;. &#x2116; 8</subfield>
  </datafield>
  <datafield tag="421" ind1=" " ind2="0">
    <subfield code="1">2001#$a&#x418;&#x437;&#x43C;&#x435;&#x43D;&#x435;&#x43D;&#x438;&#x44F; &#x2116; 1</subfield>
    <subfield code="1">010$94250</subfield>
    <subfield code="1">210##$d1982</subfield>
    <subfield code="1">215##$a12 &#x441;.$d14&#x445;21</subfield>
    <subfield code="1">300##$a&#x414;&#x421;&#x41F;. &#x42D;&#x43A;&#x437;. &#x2116; 7</subfield>
    <subfield code="1">899##$aNLR$j80-50&#x41A;/5527</subfield>
    <subfield code="t">&#x418;&#x437;&#x43C;&#x435;&#x43D;&#x435;&#x43D;&#x438;&#x44F; &#x2116; 1</subfield>
  </datafield>
  <datafield tag="801" ind1=" " ind2="0">
    <subfield code="a">RU</subfield>
    <subfield code="b">NLR</subfield>
    <subfield code="g">psbo</subfield>
  </datafield>
  <datafield tag="801" ind1=" " ind2="1">
    <subfield code="a">RU</subfield>
    <subfield code="b">ELAR</subfield>
    <subfield code="2">rusmarc</subfield>
  </datafield>
  <datafield tag="852" ind1=" " ind2=" ">
    <subfield code="a">NLR</subfield>
    <subfield code="j">80-50&#x41A;/5527</subfield>
  </datafield>
  <datafield tag="942" ind1=" " ind2=" ">
    <subfield code="c">BOOK</subfield>
  </datafield>
  <datafield tag="980" ind1=" " ind2=" ">
    <subfield code="a">NB</subfield>
  </datafield>
  <datafield tag="995" ind1=" " ind2=" ">
    <subfield code="5">2013-10-26</subfield>
    <subfield code="b">NLR01</subfield>
    <subfield code="c">NLR01</subfield>
    <subfield code="e">NZ5</subfield>
    <subfield code="f">6402172-10</subfield>
    <subfield code="k">80-50&#x41A;/5527</subfield>
    <subfield code="o">0</subfield>
    <subfield code="r">BOOK</subfield>
    <subfield code="s">80505527_</subfield>
  </datafield>
</record>
